| 000 | 00616nam a22001937a 4500 | ||
|---|---|---|---|
| 999 |
_c4578 _d4578 |
||
| 003 | AR-CdUCM | ||
| 008 | 190311b ||||| |||| 00| 0 spa d | ||
| 040 |
_aMUNICIPALIDAD PROVINCIAL DEL CUSCO _cBIBLIOTECA MUNICIPAL DEL CUSCO |
||
| 082 |
_a801.951 / _bD75 |
||
| 100 |
_aDiez-Canedo, Enrique _914308 |
||
| 245 | _aLa Nueva Poesía / | ||
| 260 |
_aMéxico : _bEdiciones Encuadernables, El Nacional ; _c1941. |
||
| 300 |
_a108 páginas ; _c20cm |
||
| 440 |
_aColección Siglo XX - Biblioteca del Maestro _914309 |
||
| 505 | _aContenido : Poesía | ||
| 650 |
_aPoesía _9444 |
||
| 942 |
_2ddc _cLIBROS |
||
| 945 | _anom | ||